书目信息 |
| 题名: |
中华人民共和国食品药品法典
|
|
| 作者: | ;国务院 编 | |
| 分册: | ||
| 出版信息: | 北京 中国法制出版社 2016 |
|
| 页数: | 574页 | |
| 开本: | 24cm | |
| 丛书名: | ||
| 单 册: | ||
| 中图分类: | D922.165 | |
| 科图分类: | ||
| 主题词: | 食品卫生法--法律解释--中国 , 药品管理法--法律解释--中国 | |
| 电子资源: | ||
| ISBN: | 978-7-5093-7279-1 | |
| 000 | 00968nam0 2200265 450 | |
| 001 | 012001001183 | |
| 005 | 20140920091302.0 | |
| 010 | @a978-7-5093-7279-1@dCNY98.00 | |
| 100 | @a20160425d2016 em y0chiy50 ea | |
| 101 | 0 | @achi |
| 102 | @aCN@b110000 | |
| 105 | @ay n 000yy | |
| 106 | @ar | |
| 200 | 1 | @a中华人民共和国食品药品法典@9Zhong Hua Ren Min Gong He Guo Shi Pin Yao Pin Fa Dian@b专著@dFood and drug law@zeng@f国务院法制办公室编 |
| 210 | @a北京@c中国法制出版社@d2016 | |
| 215 | @a574页@d24cm | |
| 300 | @a注释法典 新三版 | |
| 330 | @a本书为食品药品分册,收录我国食品药品领域常用法律、行政法规、规章等文件。收录的法律文件均为近年国家大规模法律文件清理工作后的现行有效文本。 | |
| 510 | 1 | @aFood and drug law@zeng |
| 606 | 0 | @a食品卫生法@x法律解释@y中国 |
| 606 | 0 | @a药品管理法@x法律解释@y中国 |
| 690 | @aD922.165@v5 | |
| 711 | 02 | @a国务院@9Guo Wu Yuan@b法制办公室@4编 |
| 801 | 0 | @aCN@b上海新华@c20180901 |
| 905 | @b1156001-04@dD922.165@e1905@f4 | |
| 中华人民共和国食品药品法典=Food and drug law/国务院法制办公室编.-北京:中国法制出版社,2016 |
| 574页;24cm |
| 注释法典 新三版 |
| ISBN 978-7-5093-7279-1:CNY98.00 |
| 本书为食品药品分册,收录我国食品药品领域常用法律、行政法规、规章等文件。收录的法律文件均为近年国家大规模法律文件清理工作后的现行有效文本。 |
| ● |
| 相关链接 |
|
|
|
|
正题名:中华人民共和国食品药品法典
索取号:D922.165/1905
 
预约/预借
| 序号 | 登录号 | 条形码 | 馆藏地/架位号 | 状态 | 备注 |
| 1 | 1156001 | 211560014 | 第一样本阅览室/ [索取号:D922.165/1905] | 在馆 | |
| 2 | 1156002 | 211560023 | 密集书库-史法系/ [索取号:D922.165/1905] | 在馆 | |
| 3 | 1156003 | 211560032 | 第一借阅区/ [索取号:D922.165/1905] | 在馆 | |
| 4 | 1156004 | 211560041 | 第一借阅区/ [索取号:D922.165/1905] | 在馆 |